| 000 | 01569nam2a22002531 4500 | ||
|---|---|---|---|
| 001 | rc\3504523 | ||
| 005 | 20250610012819.0 | ||
| 021 |
_aRU _bРг16586-72 |
||
| 035 | _a(NLR Aleph) 007614684 | ||
| 090 |
_a5854984 _c5854984 |
||
| 100 | _a20130115d1969 |||y0rusy50 ca | ||
| 101 | 0 | _arus | |
| 102 | _aRU | ||
| 105 | _ay z ||||| | ||
| 200 | 1 | _aСекции педагогических, общественных и физико-математических наук | |
| 210 |
_d1969 _aБ. м. |
||
| 215 | _a[1], 181 с. | ||
| 320 | _aБиблиогр. в конце докладов | ||
| 461 | 0 |
_1001rc\3504522 _12001#$aТезисы докладов к научно-теоретической конференции по итогам исследовательской работы в 1968 году$fМ-во высш. и сред. спец. образ. БССР. Брест. гос. пед. ин-т им. А.С. Пушкина$v[1] _95854978 _aБрестский педагогический институт им. А. С. Пушкина. Научно-теоретическая конференция (1969) _cБрест _d1969 _fМ-во высш. и сред. спец. образ. БССР. Брест. гос. пед. ин-т им. А.С. Пушкина _nБ. и. _tТезисы докладов к научно-теоретической конференции по итогам исследовательской работы в 1968 году _v[1] |
|
| 801 | 0 |
_aRU _bNLR _gpsbo |
|
| 801 | 1 |
_aRU _bELAR _2rusmarc |
|
| 852 |
_aNLR _j72-3/9138 |
||
| 942 | _cBOOK | ||
| 980 | _aNB | ||